Problems and Solutions on Thermodynamics and Statistical Mechanics (Record no. 6246)
[ view plain ]
| 000 -LEADER | |
|---|---|
| fixed length control field | 00562nam a22001937a 4500 |
| 003 - CONTROL NUMBER IDENTIFIER | |
| control field | OSt |
| 005 - DATE AND TIME OF LATEST TRANSACTION | |
| control field | 20190820121133.0 |
| 008 - FIXED-LENGTH DATA ELEMENTS--GENERAL INFORMATION | |
| fixed length control field | 190820b ||||| |||| 00| 0 eng d |
| 020 ## - INTERNATIONAL STANDARD BOOK NUMBER | |
| International Standard Book Number | 9789810200565 |
| 040 ## - CATALOGING SOURCE | |
| Transcribing agency | DDC |
| 082 ## - DEWEY DECIMAL CLASSIFICATION NUMBER | |
| Classification number | 536.7 PRO 1990 |
| 100 ## - MAIN ENTRY--PERSONAL NAME | |
| Personal name | Edited by Lim, Yung-Kuo |
| 9 (RLIN) | 12840 |
| 245 ## - TITLE STATEMENT | |
| Title | Problems and Solutions on Thermodynamics and Statistical Mechanics |
| 260 ## - PUBLICATION, DISTRIBUTION, ETC. (IMPRINT) | |
| Place of publication, distribution, etc. | New Jersey; |
| Name of publisher, distributor, etc. | World scientific, |
| Date of publication, distribution, etc. | 1990 |
| 300 ## - PHYSICAL DESCRIPTION | |
| Extent | ix,407p; |
| Other physical details | ill: |
| Dimensions | 23cm |
| 650 ## - SUBJECT ADDED ENTRY--TOPICAL TERM | |
| Topical term or geographic name as entry element | Thermodynamics |
| 9 (RLIN) | 12841 |
| 650 ## - SUBJECT ADDED ENTRY--TOPICAL TERM | |
| Topical term or geographic name as entry element | Statistical Mechanics |
| 9 (RLIN) | 8100 |
| 942 ## - ADDED ENTRY ELEMENTS (KOHA) | |
| Source of classification or shelving scheme | Dewey Decimal Classification |
| Koha item type | Book |
| Withdrawn status | Lost status | Source of classification or shelving scheme | Damaged status | Not for loan | Home library | Current library | Date acquired | Source of acquisition | Inventory number | Total Checkouts | Full call number | Barcode | Date last seen | Koha item type |
|---|---|---|---|---|---|---|---|---|---|---|---|---|---|---|
| Dewey Decimal Classification | Main Kihumuro Campus | Main Kihumuro Campus | 20/08/2019 | Purchase | 19/40693 | 536.7 PRO 1990 | 2019-0186 | 20/08/2019 | Short Loan | |||||
| Dewey Decimal Classification | Main Kihumuro Campus | Main Kihumuro Campus | 20/08/2019 | Purchase | 19/40694 | 536.7 PRO 1990 | 2019-0187 | 20/08/2019 | Short Loan | |||||
| Dewey Decimal Classification | Main Kihumuro Campus | Main Kihumuro Campus | 20/08/2019 | Purchase | 19/40695 | 536.7 PRO 1990 | 2019-0188 | 20/08/2019 | Short Loan | |||||
| Dewey Decimal Classification | Main Kihumuro Campus | Main Kihumuro Campus | 20/08/2019 | Purchase | 19/40696 | 536.7 PRO 1990 | 2019-0189 | 20/08/2019 | Short Loan | |||||
| Dewey Decimal Classification | Main Kihumuro Campus | Main Kihumuro Campus | 20/08/2019 | Purchase | 19/40697 | 536.7 PRO 1990 | 2019-0190 | 20/08/2019 | Short Loan |
